000 00569nam a2200181Ia 4500
003 0
005 20231025094806.0
008 140724s9999 xx 000 0 und d
050 _aHM 24
_b.C78 2023
100 _aCruz, Juliana Briane A.
245 _aSocial personality and emotional state of young adults using dating apps
_cCruz, Juliana Briane A.
260 _aLas PiƱas, Philippines :
_bSouthville International School and Colleges,
_cc2023.
300 _a319 p. :
_c28 cm.
500 _aEmotions.
521 _aPsychology
942 _cTH
_2lcc
999 _c228695
_d228695